000 00734cab a22002055a 4500
001 L158392
008 150129e2015 xxk 000 0 eng d
035 _a(Sirsi) u158392
041 0 _aeng
245 0 0 _aRent increases for assured shorthold tenancies
260 _c2015
490 _aLetting Update Journal
_v22(4) January 2015, 29-31(3)
520 _aSets out procedure for increasing rent on assured shorthold tenancies under the Housing Act 1988 either by negotiation, by terms in the tenancy agreement or servicing a Section 13 notice.
590 _aKA
650 2 4 _aASSURED SHORTHOLD TENANCIES
650 2 4 _aHOUSING ACT 1988
651 4 _aEngland and Wales
_y1543-
690 _aLandlord and tenant
_96252
942 _n0
999 _c84584
_d84584